Manual de derecho procesal

Na minha lista:
Detalhes bibliográficos
Autor principal: Casarino Viterbo, Mario (Author)
Formato: Livro
Idioma:espanhol
Publicado em: Santiago, Chile: Jurídica de Chile 2005
Edição:Quinta edición
Colecção:Colección Manuales Jurídicos, 60
Assuntos:
Tags: Adicionar Tag
Sem tags, seja o primeiro a adicionar uma tag!

MARC

LEADER 00000nam a2200000 a 4500
001 UCK5204
003 CL-VaPUC
005 20240801163753.0
008 050715e20050000CL |||||||||||||||||spa|d
999 |c 313838  |d 313836 
020 |a 9561016087t.6 
040 |c Pontificia Universidad Católica de Valparaíso 
082 0 4 |a 347.83 CAS 2005  |2 21 
100 0 |a Casarino Viterbo, Mario  |e author  |9 493919 
245 1 0 |a Manual de derecho procesal 
250 |a Quinta edición 
260 |a Santiago, Chile:  |b Jurídica de Chile  |c 2005 
300 |a tomo 6 
490 0 |a Colección Manuales Jurídicos, 60 
505 |a t.6: Derecho procesal civil 
583 |a last modification  |c 20150327 11:37:18  |k Rodrigo Vera 
650 0 |a Derecho procesal  |z Chile  |9 454338 
650 0 |a Poder judicial  |9 254871 
650 0 |a Derecho procesal civil  |9 258071 
650 0 |a Jurisprudencia procesal  |9 254972 
650 0 |a Tribunales civiles  |9 519253 
942 |c BK  |2 ddc 
945 |d 20050715 00:00:00  |a cmena 
952 |0 0  |1 0  |4 0  |6 347_830000000000000_CAS_2005  |7 0  |8 A  |9 385521  |a BIBDER  |b BIBDER  |d 2019-11-22  |h t.VI  |i 4147553  |o 347.83 CAS 2005  |p 4147553  |r 2023-01-25  |w 2019-11-22  |y BK  |k DER 
952 |0 0  |1 0  |4 0  |6 347_830000000000000_CAS_2005  |7 0  |8 A  |9 385522  |a BIBDER  |b BIBDER  |d 2019-11-22  |h t.VI  |i 4147561  |l 1  |o 347.83 CAS 2005  |p 4147561  |r 2023-01-25  |s 2022-01-05  |w 2019-11-22  |y BK  |k DER 
952 |0 0  |1 0  |4 0  |6 347_830000000000000_CAS_2005  |7 0  |8 A  |9 385523  |a BIBDER  |b BIBDER  |d 2019-11-22  |h t.VI  |i 4197488  |o 347.83 CAS 2005  |p 4197488  |r 2023-01-25  |w 2019-11-22  |y BK  |k DER 
952 |0 0  |1 0  |4 0  |6 347_830000000000000_CAS_2005  |7 0  |8 A  |9 385524  |a BIBDER  |b BIBDER  |d 2019-11-22  |h t.VI  |i 4197496  |l 2  |m 1  |o 347.83 CAS 2005  |p 4197496  |r 2023-10-26  |s 2021-11-30  |w 2019-11-22  |y BK  |k DER 
952 |0 0  |1 0  |4 0  |6 347_830000000000000_CAS_2005  |7 0  |8 A  |9 385525  |a BIBDER  |b BIBDER  |d 2019-11-22  |h t.VI  |i 419750K  |o 347.83 CAS 2005  |p 419750K  |r 2023-01-25  |w 2019-11-22  |y BK  |k DER 
952 |0 0  |1 0  |4 0  |6 347_830000000000000_CAS_2005  |7 0  |8 A  |9 385526  |a BIBDER  |b BIBDER  |d 2019-11-22  |h t.VI  |i 4261542  |o 347.83 CAS 2005  |p 4261542  |r 2023-01-25  |w 2019-11-22  |y BK  |k DER 
952 |0 0  |1 0  |4 0  |6 347_830000000000000_CAS_2005  |7 0  |8 A  |9 385527  |a BIBDER  |b BIBDER  |d 2019-11-22  |h t.VI  |i 4301633  |l 2  |o 347.83 CAS 2005  |p 4301633  |r 2024-12-02  |s 2024-12-02  |w 2019-11-22  |y BK  |k DER 
952 |0 0  |1 0  |4 0  |6 347_830000000000000_CAS_2005  |7 0  |8 A  |9 385528  |a BIBDER  |b BIBDER  |d 2019-11-22  |h t.VI  |i 4301641  |o 347.83 CAS 2005  |p 4301641  |r 2023-01-25  |w 2019-11-22  |y BK  |k DER 
952 |0 0  |1 0  |4 0  |6 347_830000000000000_CAS_2005  |7 0  |8 A  |9 385529  |a BIBDER  |b BIBDER  |d 2019-11-22  |h t.VI  |i 430165K  |l 1  |o 347.83 CAS 2005  |p 430165K  |r 2024-10-10  |s 2024-10-01  |w 2019-11-22  |y BK  |k DER 
952 |0 0  |1 0  |4 0  |6 347_830000000000000_CAS_2005  |7 0  |8 A  |9 385530  |a BIBDER  |b BIBDER  |d 2019-11-22  |h t.VI  |i 4471040  |l 1  |m 4  |o 347.83 CAS 2005  |p 4471040  |q 2025-07-31  |r 2020-03-04  |s 2020-03-04  |w 2019-11-22  |y BK  |k DER 
952 |0 0  |1 0  |4 0  |6 347_830000000000000_CAS_2005  |7 0  |8 A  |9 385531  |a BIBDER  |b BIBDER  |d 2019-11-22  |h t.VI  |i 4484843  |o 347.83 CAS 2005  |p 4484843  |r 2023-01-25  |w 2019-11-22  |y BK  |k DER 
952 |0 0  |1 0  |4 0  |6 347_830000000000000_CAS_2005  |7 0  |8 A  |9 385532  |a BIBDER  |b BIBDER  |d 2019-11-22  |h t.VI  |i 4330633  |l 3  |o 347.83 CAS 2005  |p 4330633  |r 2024-03-15  |s 2024-03-15  |w 2019-11-22  |y BK  |k DER 
952 |0 0  |1 0  |4 0  |6 347_830000000000000_CAS_2005  |7 0  |8 A  |9 385533  |a BIBDER  |b BIBDER  |d 2019-11-22  |h t.VI  |i 4373812  |o 347.83 CAS 2005  |p 4373812  |r 2023-01-25  |w 2019-11-22  |y BK  |k DER